Public schools, private enterprise : (Record no. 35477)
[ view plain ]
| 000 -LEADER | |
|---|---|
| fixed length control field | 01220nam a22003371a 4500 |
| 001 - CONTROL NUMBER | |
| control field | 711691 |
| 005 - DATE AND TIME OF LATEST TRANSACTION | |
| control field | 20140606020004.0 |
| 008 - FIXED-LENGTH DATA ELEMENTS--GENERAL INFORMATION | |
| fixed length control field | 970319s1997 paua b 001 0 eng d |
| 010 ## - LIBRARY OF CONGRESS CONTROL NUMBER | |
| LC control number | 97060458 |
| 020 ## - INTERNATIONAL STANDARD BOOK NUMBER | |
| International Standard Book Number | 1566765358 |
| 035 ## - SYSTEM CONTROL NUMBER | |
| System control number | (OCoLC)37207455 |
| 040 ## - CATALOGING SOURCE | |
| Original cataloging agency | ScU |
| Transcribing agency | ScU |
| Modifying agency | DLC |
| 042 ## - AUTHENTICATION CODE | |
| Authentication code | lccopycat |
| 043 ## - GEOGRAPHIC AREA CODE | |
| Geographic area code | n-us--- |
| 050 00 - LIBRARY OF CONGRESS CALL NUMBER | |
| Classification number | LB 2806.36.F53 1997 |
| Item number | LB 2806.36.F53 1997 |
| 100 1# - MAIN ENTRY--PERSONAL NAME | |
| Personal name | Flam, Samuel. |
| 245 10 - TITLE STATEMENT | |
| Title | Public schools, private enterprise : |
| Remainder of title | what you should know and do about privatization / |
| Statement of responsibility, etc | Samuel Flam, William G. Keane. |
| Medium | [Text] |
| 260 ## - PUBLICATION, DISTRIBUTION, ETC. (IMPRINT) | |
| Place of publication, distribution, etc | Lancaster, Pa. |
| Name of publisher, distributor, etc | Technomic Pub. Co. |
| Date of publication, distribution, etc | c1997 |
| 300 ## - PHYSICAL DESCRIPTION | |
| Extent | xiii, 178 p. : |
| Other physical details | ill. ; |
| Dimensions | 24 cm. |
| 504 ## - BIBLIOGRAPHY, ETC. NOTE | |
| Bibliography, etc | Includes bibliographical references (p. 165-168) and index. |
| 650 #0 - SUBJECT ADDED ENTRY--TOPICAL TERM | |
| Topical term or geographic name as entry element | Privatization in education |
| Geographic subdivision | United States. |
| 650 #0 - SUBJECT ADDED ENTRY--TOPICAL TERM | |
| Topical term or geographic name as entry element | Public schools |
| Geographic subdivision | United States. |
| 700 1# - ADDED ENTRY--PERSONAL NAME | |
| Personal name | Keane, William G. |
| 906 ## - LOCAL DATA ELEMENT F, LDF (RLIN) | |
| a | 7 |
| b | cbc |
| c | copycat |
| d | 2 |
| e | opcn |
| f | 19 |
| g | y-gencatlg |
| 920 ## - | |
| -- | **LC HAS REQ'D # OF SHELF COPIES** |
| 922 ## - | |
| -- | co |
| 991 ## - | |
| -- | c-GenColl |
| -- | LB2806.36 |
| -- | .F53 1997 |
| -- | Copy 1 |
| -- | BOOKS |
| 942 00 - ADDED ENTRY ELEMENTS (KOHA) | |
| Koha issues (borrowed), all copies | 1 |
| Withdrawn status | Lost status | Source of classification or shelving scheme | Damaged status | Not for loan | Collection code | Home library | Current library | Shelving location | Date acquired | Cost, normal purchase price | Total Checkouts | Full call number | Barcode | Date last seen | Date checked out | Copy number | Price effective from | Koha item type |
|---|---|---|---|---|---|---|---|---|---|---|---|---|---|---|---|---|---|---|
| Library of Congress Classification | General Circulation | AIU/NEGST - Tony Wilmot Memorial Library | AIU/NEGST - Tony Wilmot Memorial Library | General Stacks | 10/19/2009 | 18.50 | 1 | LB 2806.36.F53 1997 | R55407A3232 | 09/02/2019 | 06/05/2014 | 1 | 10/19/2009 | Books |
